<?xml version="1.0" encoding="UTF-8"?>
<record
    xmlns:xsi="http://www.w3.org/2001/XMLSchema-instance"
    xsi:schemaLocation="http://www.loc.gov/MARC21/slim http://www.loc.gov/standards/marcxml/schema/MARC21slim.xsd"
    xmlns="http://www.loc.gov/MARC21/slim">

  <leader>01428nam a2200193   4500</leader>
  <controlfield tag="005">20260307155516.0</controlfield>
  <datafield tag="020" ind1=" " ind2=" ">
    <subfield code="a">9781639878994</subfield>
  </datafield>
  <datafield tag="041" ind1=" " ind2=" ">
    <subfield code="a">English</subfield>
  </datafield>
  <datafield tag="082" ind1=" " ind2=" ">
    <subfield code="a">651.7</subfield>
    <subfield code="b">WHI/B</subfield>
  </datafield>
  <datafield tag="084" ind1=" " ind2=" ">
    <subfield code="2">Colon Classification</subfield>
  </datafield>
  <datafield tag="100" ind1=" " ind2=" ">
    <subfield code="a">Whitaker, Miley</subfield>
    <subfield code="9">11412</subfield>
  </datafield>
  <datafield tag="245" ind1=" " ind2=" ">
    <subfield code="a">Business Writing : Professional Guide</subfield>
  </datafield>
  <datafield tag="250" ind1=" " ind2=" ">
    <subfield code="a">1</subfield>
  </datafield>
  <datafield tag="260" ind1=" " ind2=" ">
    <subfield code="a">New York:</subfield>
    <subfield code="b">Murphy &amp; Moore,</subfield>
    <subfield code="c">2025.</subfield>
  </datafield>
  <datafield tag="300" ind1=" " ind2=" ">
    <subfield code="a">215p.</subfield>
  </datafield>
  <datafield tag="500" ind1=" " ind2=" ">
    <subfield code="a">The type of writing which seeks to obtain a business response is termed as business writing. It is generally used by corporations and other professional entities for communicating with an internal or external audience. It also aims to provide the reader with complete, relevant and accurate information. Some of the central skills in business writing are extracting the significant information, synthesizing it and then writing it clearly. There are various types of business writing such as instructional business writing, informational business writing, persuasive business writing and transactional business writing. Correct sentence structure and grammar are also integral to effective business writing. Most of the topics introduced in it cover new techniques and the applications of business writing. This book, with its detailed analyses and data, will prove immensely beneficial to professionals and students involved in this area at various levels.</subfield>
  </datafield>
  <datafield tag="650" ind1=" " ind2=" ">
    <subfield code="a">Business/Economics</subfield>
    <subfield code="9">2987</subfield>
  </datafield>
  <datafield tag="942" ind1=" " ind2=" ">
    <subfield code="2">ddc</subfield>
    <subfield code="c">BK</subfield>
  </datafield>
  <datafield tag="999" ind1=" " ind2=" ">
    <subfield code="c">756778</subfield>
    <subfield code="d">756778</subfield>
  </datafield>
  <datafield tag="952" ind1=" " ind2=" ">
    <subfield code="0">0</subfield>
    <subfield code="1">0</subfield>
    <subfield code="2">ddc</subfield>
    <subfield code="4">0</subfield>
    <subfield code="7">0</subfield>
    <subfield code="8">REF</subfield>
    <subfield code="a">ECN</subfield>
    <subfield code="b">ECN</subfield>
    <subfield code="c">PROC</subfield>
    <subfield code="d">2026-02-23</subfield>
    <subfield code="e">CHA-100/01/2026,07/01/2026</subfield>
    <subfield code="g">13491.00</subfield>
    <subfield code="l">0</subfield>
    <subfield code="o">651.7 WHI/B</subfield>
    <subfield code="p">ECN16944</subfield>
    <subfield code="r">2026-02-23 10:38:29</subfield>
    <subfield code="w">2026-02-23</subfield>
    <subfield code="y">REF</subfield>
  </datafield>
</record>
